000 00504cam a22001937a 4500
001 001995
003 armpunfd
005 20140612090655.0
008 060706e0####xx#a##########000#0#und#d
040 _aarmpunfd
_carmpunfd
080 _a342.72/73 AL 25
100 1 0 _a Alesso, Claudia
245 1 0 _aDiscapacidad y otras capacidades
260 _a Seminario Interareas I
650 7 _a Discapacidad
_2LEMB
650 7 _a Politicas Publicas
_2LEMB
942 _cLB
_2cdu
945 _aCatalis
_d2010-08-19
999 _c1986
_d232490